Statistics for Random Geography Questions #1

Click here to take the quiz!

General Stats

  • This quiz has been taken 37 times
  • The average score is 10 of 16

Answer Stats

HintAnswer% Correct
What is the largest country by land area?Russia
100%
What is the largest country by population (2023)?India
94%
Is Turkey/Turkiye in Europe or Asia?Asia
82%
Is Russia in Europe or Asia?Europe
79%
Do you like this quiz? (Y/N)Y
79%
How many countries are in the world (according to JetPunk)?196
73%
What number question is this?10
67%
What is the newest country?South Sudan
64%
What is the largest island country?Australia
61%
What country owns the northernmost land?Denmark
58%
What is the most dense country?Monaco
55%
How many countries are in North America (according to JetPunk)?23
52%
What is the smallest country by land area? (You've answered this before.)Monaco
52%
What is the population of that country (in 100 millions)?14
42%
What is the oldest country?Egypt
24%
What country is also a given name?Jordan
24%

Score Distribution

Percentile by Number Answered

Percent of People with Each Score

Your Score History

You have not taken this quiz